00826nam a22002417a 4500999001500000001000500015003000900020005001700029008004100046020001500087040003800102082001700140100001800157245009000175250001300265260007300278300004600351500002100397650002300418700001700441942001200458952011400470 c5466d54667264BD-DhUAP20201212150316.0201212r19891996ii a|||| |||| 001 0 eng d a8123901453 aBD-DhUAPbEngcBD-DhUAPdBD-DhUAP 223a624 GUP  aGupta, S. P.  aCivil engineering :bthrough objective type questions /cS. P. Gupta and S. S. Gupta. a2nd ed.  aNew Delhi :bCBS Publishers & distributors.,c1989 [Reprinted 1996]. avarious pages :billustrations ;c24 cm.  aIncludes index.  aCivil engineering. aGupta, S. S. 2ddccBK 00102ddc4070aUAPCLbUAPCLcGeneral Stacksd2020-12-12o624 GUPp3010007264r2020-12-12t1w2020-12-12yBK